Statistics for 100 most valuable Premier League players 2024

Click here to take the quiz!

General Stats

  • This quiz has been taken 711 times
  • The average score is 64 of 100

Answer Stats

RankNationValue (€)ClubPositionPlayer% Correct
1Norway180mManchester CityFWErling Haaland
99%
3England130mArsenalFWBukayo Saka
93%
2England130mManchester CityFWPhil Foden
92%
6Norway95mArsenalMIDMartin Ødegaard
91%
27Egypt65mLiverpoolFWMohamed Salah
91%
5England110mArsenalMIDDeclan Rice
90%
35Belgium60mManchester CityMIDKevin de Bruyne
90%
4Spain110mManchester CityMIDRodri
90%
10Portugal80mManchester CityMIDBernardo Silva
89%
12Portugal80mManchester CityDEFRúben Dias
89%
24Portugal70mManchester UnitedMIDBruno Fernandes
88%
17Colombia75mLiverpoolFWLuis Díaz
88%
7Argentina90mManchester CityFWJulián Álvarez
85%
21Uruguay70mLiverpoolFWDarwin Núñez
83%
26Brazil70mArsenalFWGabriel Jesus
83%
51South Korea50mTottenham HotspurFWHeung-min Son
83%
13Brazil80mArsenalFWGabriel Martinelli
82%
20Sweden70mNewcastle UnitedFWAlexander Isak
81%
14Argentina80mChelseaMIDEnzo Fernández
81%
50Netherlands50mTottenham HotspurDEFMicky van de Ven
81%
22England70mLiverpoolDEFTrent Alexander-Arnold
81%
19Argentina70mLiverpoolMIDAlexis Mac Allister
80%
33England65mManchester CityFWJack Grealish
80%
8Brazil85mNewcastle UnitedMIDBruno Guimarães
79%
34England60mManchester UnitedFWMarcus Rashford
79%
9France80mArsenalDEFWilliam Saliba
79%
16Hungary75mLiverpoolMIDDominik Szoboszlai
77%
84Brazil40mManchester CityGKEderson
77%
15Croatia75mManchester CityDEFJosko Gvardiol
77%
32Brazil65mArsenalDEFGabriel Magalhães
75%
11Ecuador80mChelseaMIDMoisés Caicedo
75%
46Belgium50mEvertonMIDAmadou Onana
74%
80Cameroon40mManchester UnitedGKAndré Onana
74%
29Belgium65mManchester CityFWJérémy Doku
74%
28England65mAston VillaFWOllie Watkins
74%
31Denmark65mManchester UnitedFWRasmus Højlund
74%
88England38mManchester CityDEFJohn Stones
73%
38Germany60mArsenalMIDKai Havertz
73%
81England40mNottingham ForestMIDMorgan Gibbs-White
71%
42England55mArsenalDEFBen White
70%
52Portugal50mLiverpoolFWDiogo Jota
70%
45England50mBrentfordFWIvan Toney
70%
69England45mChelseaFWRaheem Sterling
69%
57Netherlands50mLiverpoolFWCody Gakpo
68%
25England70mTottenham HotspurMIDJames Maddison
68%
30Brazil65mWest Ham UnitedMIDLucas Paquetá
68%
77Netherlands40mManchester CityDEFNathan Aké
68%
65Argentina45mManchester UnitedDEFLisandro Martínez
67%
72Ukraine42mArsenalDEFOleksandr Zinchenko
67%
76Brazil40mTottenham HotspurFWRicharlison
66%
36Argentina60mTottenham HotspurDEFCristian Romero
65%
85Argentina40mManchester UnitedFWAlejandro Garnacho
63%
100Spain35mArsenalGKDavid Raya
63%
44Sweden55mTottenham HotspurFWDejan Kulusevski
63%
63France45mLiverpoolDEFIbrahima Konaté
63%
73Switzerland42mManchester CityDEFManuel Akanji
63%
23Brazil70mAston VillaMIDDouglas Luiz
62%
39England55mChelseaMIDCole Palmer
61%
62Japan45mBrighton & Hove AlbionFWKaoru Mitoma
61%
48England50mChelseaDEFReece James
61%
37Ireland60mBrighton & Hove AlbionFWEvan Ferguson
60%
99Senegal35mChelseaFWNicolas Jackson
60%
53England50mNewcastle UnitedFWAnthony Gordon
59%
58England48mChelseaMIDConor Gallagher
59%
56England50mWest Ham UnitedFWJarrod Bowen
59%
91Belgium38mArsenalFWLeandro Trossard
56%
78Italy40mNewcastle UnitedMIDSandro Tonali
55%
49France50mCrystal PalaceFWMichael Olise
53%
54Ghana50mWest Ham UnitedMIDMohammed Kudus
53%
94England35mManchester UnitedDEFLuke Shaw
52%
55Portugal50mManchester CityMIDMatheus Nunes
52%
40France55mAston VillaFWMoussa Diaby
52%
41Portugal55mWolverhampton WanderersFWPedro Neto
52%
67Netherlands45mNewcastle UnitedDEFSven Botman
52%
60Wales48mTottenham HotspurFWBrennan Johnson
51%
98Czech Republic35mWest Ham UnitedMIDTomas Soucek
51%
59England48mCrystal PalaceMIDEberechi Eze
50%
61Spain45mTottenham HotspurDEFPedro Porro
50%
18France70mChelseaMIDChristopher Nkunku
48%
83England40mManchester UnitedMIDMason Mount
48%
66Spain45mAston VillaDEFPau Torres
48%
75Brazil42mNewcastle UnitedMIDJoelinton
47%
64Italy45mTottenham HotspurDEFDestiny Udogie
46%
43Portugal55mFulhamMIDJoão Palhinha
45%
68Brazil45mBrighton & Hove AlbionFWJoão Pedro
45%
97England35mLiverpoolMIDHarvey Elliott
43%
86Netherlands40mArsenalDEFJurrien Timber
43%
74France42mChelseaDEFAxel Disasi
42%
82Senegal40mTottenham HotspurMIDPape Matar Sarr
42%
87Cameroon38mBrentfordFWBryan Mbeumo
41%
47England50mChelseaDEFLevi Colwill
37%
79Belgium40mChelseaMIDRoméo Lavia
37%
90Morocco38mWest Ham UnitedDEFNayef Aguerd
36%
92England38mManchester CityDEFRico Lewis
36%
95England35mAston VillaDEFEzri Konsa
35%
93England38mCrystal PalaceDEFMarc Guéhi
35%
71Brazil42mWolverhampton WanderersFWMatheus Cunha
35%
70England42mAston VillaMIDJacob Ramsey
31%
89France38mAston VillaMIDBoubacar Kamara
29%
96England35mWolverhampton WanderersDEFMax Kilman
25%

Score Distribution

Percentile by Number Answered

Percent of People with Each Score

Your Score History

You have not taken this quiz